Life Eternal Lyrics Ghost - Statistics

General Stats
  • This quiz has been taken 77 times
  • The average score is 186 of 208
Answer Stats
Answer % Correct
I
100%
you
100%
a
97%
Can
97%
eternal
97%
eternal?
97%
had
97%
hear
97%
if
97%
If
97%
life
97%
me
97%
feel
93%
for
93%
forever?
93%
forever,
93%
forever
93%
(forever,
93%
forever)
93%
name
93%
say
93%
see
93%
to
93%
your
93%
let
90%
the
90%
longing
86%
soul
86%
touch
86%
ever?
83%
go
83%
is
83%
just
83%
letting
83%
moment
83%
of
83%
This
83%
be
79%
know
79%
Would
79%
hands
76%
in
76%
it's
76%
light
76%
and
72%
are
72%
but
72%
cold
72%
down
72%
said,
72%
She
72%
story
72%
told
72%
darker
69%
heart,
69%
below
66%
dance
66%
eyes
66%
before
62%
gone
62%
grows
62%
more
62%
once
62%
We
59%
Within
52%
No matching quizzes found
Score Distribution
Percent of People with Each Score
Percentile by Number Answered
Your Score History
You have not taken this quiz